00460nam a2200181 a 4500001001300000003000900013005001700022008004100039020002300080082001300103100002400116245001800140260003200158300000900190500003500199650002000234700002400254nice12345678IN_TiNIC20260116014159.0100204s2009 dela grp 000 0 eng  a9788172735135c11000a425bGOP aGopalakrishnan, P N aBook of Verbs aDelhi bAuthor Press c2009 a152p aincludes index and biblioraphy aEnglish-Grammar1 aGopalakrishnan, P N